| 000 | 00587nam a2200169 a 4500 | ||
|---|---|---|---|
| 005 | 20140414131853.0 | ||
| 008 | 100807s19uu xx 00 eng d | ||
| 050 |
_aM 971.03 _bL75 1994 |
||
| 100 | _aLivesey, Robert. | ||
| 245 |
_aThe defenders / _cRobert Livesey & A.G. Smith. |
||
| 260 |
_aToronto : _bStoddart, _c[1998?] |
||
| 440 | _aDiscovering Canada | ||
| 500 | _aOriginally published: 1994. Includes index. | ||
| 650 | _aCanada --History, Military --19th century --Juvenile literature. | ||
| 650 | _aOntario --History --War of 1812 --Juvenile literature. | ||
| 999 |
_c110284 _d110284 |
||